| 000 | 01351nam a22003977a 4500 | ||
|---|---|---|---|
| 003 | CHAP | ||
| 005 | 20220329143315.0 | ||
| 008 | 080425d2001 us a r 00110 eng d | ||
| 010 | _a94751 | ||
| 011 | _a95723 | ||
| 020 | _a1859962521 | ||
| 035 | _a106353 | ||
| 040 | _cCHAP | ||
| 082 | 0 | 0 |
_a612.4 _aN8 |
| 100 | 1 |
_aNussey, Stephen _982239 |
|
| 245 | 1 | 0 |
_aEndocrinology : _ban integrated approach _c/by Stephen Nussey and Saffron Whitehead |
| 260 |
_aOxford : _bBios Scientific, _c2001 |
||
| 300 |
_axi, 358 p. : _bilus. ; gráfs. ; cuadros |
||
| 590 |
_aBATCH-UPD _b10 _c20130109 _lUCH01 _h2357 |
||
| 590 |
_aBATCH-UPD _b10 _c20130110 _lUCH01 _h0514 |
||
| 590 |
_aBATCH-UPD _b10 _c20130110 _lUCH01 _h2337 |
||
| 590 |
_aBATCH-UPD _b10 _c20130409 _lUCH01 _h1930 |
||
| 590 |
_aBATCH-UPD _b10 _c20130410 _lUCH01 _h0153 |
||
| 590 |
_aBATCH-UPD _b10 _c20130410 _lUCH01 _h1626 |
||
| 590 |
_aBATCH-UPD _b10 _c20130914 _lUCH01 _h0325 |
||
| 590 |
_aCONVERSION _b10 _c20130109 _lUCH01 _h1352 |
||
| 650 | 1 | 4 |
_aAnatomía. _95490 |
| 650 | 1 | 4 |
_aEndocrinología. _936871 |
| 650 | 1 | 4 |
_aFisiología. _941127 |
| 650 | 1 | 4 |
_aGlándulas tiroides. _948295 |
| 650 | 1 | 4 |
_aGlándulas tiroides _xEnfermedades. _948296 |
| 700 | 1 |
_aWhitehead, Saffron _9121728 |
|
| 901 | _aBK | ||
| 942 | _cLIBRO | ||
| 949 |
_a612.4 N8 _bBC _cLIBRO _d33724002041454 _eLIBRO _gI.c/e _h109390 _i106353 _si _t$656.45 |
||
| 999 |
_c94751 _d94751 |
||